Boxing Middleweight Champions by Picture - Statistics

General Stats
  • This quiz has been taken 154 times
  • The average score is 32 of 114
Answer Stats
Picture Hint Answer % Correct
1987 Sugar Ray Leonard
85%
1980-1987 Marvelous Marvin Hagler
84%
1987-1988 Thomas Hearns
83%
1989 Roberto Durán
82%
1951-1952 | 1955-1957 | 1957 | 1958-1960 Sugar Ray Robinson
82%
2015-2016 | 2018-2021 Canelo Álvarez
81%
2010-2014 | 2014-2018 | 2019-Present Gennady Golovkin
76%
2004 Oscar De La Hoya
70%
1949-1951 Jake LaMotta
68%
1990-1991 Chris Eubank
67%
1995-2005 Bernard Hopkins
64%
1990 Nigel Benn
61%
2014-2015 Miguel Cotto
60%
1990-1993 | 1995 Julian Jackson
59%
1991-1993 James Toney
57%
1970-1974 | 1976-1977 Carlos Monzón
56%
1993-1994 John David Jackson
54%
2015-2018 Billy Joe Saunders
50%
2018-2019 | 2019-Present Jermall Charlo
49%
1988-1989 Iran Barkley
48%
2011-2012 Julio César Chávez Jr.
43%
1947-1948 Rocky Graziano
42%
2001 Félix Trinidad
41%
2010-2011 | 2012-2014 Sergio Martínez
41%
1994-1995 Steve Collins
41%
1891-1894 Bob Fitzsimmons
40%
1962-1963 | 1965-1966 Dick Tiger
40%
1966-1967 | 1967-1968 Emile Griffith
40%
1932 Gorilla Jones
40%
1989-1991 Mike McCallum
40%
1948-1949 Marcel Cerdan
39%
1957-1958 Carmen Basilio
38%
1951 Randolph Turpin
38%
1991-1992 | 1993-1994 Gerald McClellan
36%
2005-2009 Arthur Abraham
35%
2018-2022 Demetrius Andrade
34%
1923-1926 Harry Greb
34%
1926-1929 Mickey Walker
34%
1992-1993 Reggie Johnson
33%
1907-1908 | 1908-1910 Stanley Ketchel
33%
1980 Alan Minter
32%
1967 | 1968-1970 Nino Benvenuti
32%
2005-2007 | 2014-2015 Jermain Taylor
31%
1884-1891 Nonpareil Dempsey
31%
2014-2017 | 2018-2019 Daniel Jacobs
30%
2007-2010 Kelly Pavlik
30%
1995-1996 Quincy Taylor
30%
1957 | 1959-1962 Gene Fullmer
29%
1988-1991 Michael Nunn
29%
2014-2015 Andy Lee
27%
2021-Present Erislandy Lara
27%
1940-1947 | 1948 Tony Zale
27%
1953-1955 Bobo Olson
25%
2015 David Lemieux
25%
1979-1980 Vito Antuofermo
25%
1939-1940 Ceferino Garcia
22%
2022-Present Janibek Alimkhanuly
21%
1963-1965 Joey Giardello
20%
1974-1976 | 1977-1978 Rodrigo Valdez
20%
1987-1989 Sumbu Kalambay
20%
2003-2004 | 2006 | 2007-2012 | 2013-2014 Felix Sturm
19%
2017-2018 | 2019-2022 Ryōta Murata
19%
1987-1988 Frank Tate
18%
2013 Darren Barker
17%
2010-2012 Dmitry Pirog
17%
1978-1979 Hugo Corro
17%
1932 Marcel Thil
17%
1996-1997 | 1998-2001 | 2001-2003 William Joppy
17%
1989-1990 Doug DeWitt
15%
1994-1995 Jorge Castro
15%
1961-1962 Terry Downes
15%
1960-1961 | 1962 Paul Pender
14%
1993-1994 Chris Pyatt
13%
2012 Daniel Geale
13%
1996-1998 | 1999-2001 Keith Holmes
13%
1926 Tiger Flowers
13%
1995-1996 Shinji Takehara
12%
1908 Billy Papke
11%
1997-1998 Julio César Green
11%
1933 Lou Brouillard
11%
2012-2014 Peter Quillin
11%
2014 Sam Soliman
11%
1913-1914 George Chip
10%
1998-1999 Hacine Cherifi
10%
2006-2007 Javier Castillejo
10%
1920-1923 Johnny Wilson
10%
1995-1997 Lonnie Bradley
10%
1997-1998 Otis Grant
10%
1938 | 1939-1940 Al Hostak
9%
1914-1917 Al McCoy
9%
1936-1938 Freddie Steele
9%
2002-2003 Harry Simon
9%
1896-1897 Kid McCoy
9%
2014 Marco Antonio Rubio
8%
1897-1907 Tommy Ryan
8%
1941 Billy Soose
7%
1938-1939 Fred Apostoli
7%
2012 | 2017 Hassan N'Dam N'Jikam
7%
1999 Jason Matthews
7%
1940-1941 Ken Overlin
7%
2018-2019 Rob Brant
7%
2011 Sebastian Zbik
7%
1933-1934 Vince Dundee
7%
1913 Frank Klaus
6%
1917-1920 Mike O'Dowd
6%
2009-2011 Sebastian Sylvester
6%
1999-2002 Armand Krajnc
5%
1999 Bert Schenk
5%
1935-1936 Eddie Babe Risko
5%
2004-2006 Maselino Masoe
5%
1934-1935 Teddy Yarosz
5%
1933 Ben Jeby
4%
2003 Héctor Javier Velazco
4%
1938-1939 Solly Krieger
4%
No matching quizzes found
Score Distribution
Percent of People with Each Score
Percentile by Number Answered
Your Score History
You have not taken this quiz